Atjeh mendakwa. (Record no. 65955)

MARC details
000 -LEADER
fixed length control field 00629cam a22002051 4500
001 - CONTROL NUMBER
control field sa 65008930
003 - CONTROL NUMBER IDENTIFIER
control field DLC
005 - DATE AND TIME OF LATEST TRANSACTION
control field 20260227112158.0
008 - FIXED-LENGTH DATA ELEMENTS--GENERAL INFORMATION
fixed length control field 890913s1965 io 000 0 ind
010 ## - LIBRARY OF CONGRESS CONTROL NUMBER
LC control number sa 65008930
035 ## - SYSTEM CONTROL NUMBER
System control number (OCoLC)23537151
040 ## - CATALOGING SOURCE
Original cataloging agency DLC
Transcribing agency MiU
Modifying agency DLC
042 ## - AUTHENTICATION CODE
Authentication code premarc
050 00 - LIBRARY OF CONGRESS CALL NUMBER
Classification number LAW <Indonesia 9 Adam>
100 1# - MAIN ENTRY--PERSONAL NAME
Personal name Adamy, Thaib,
Relator term defendant.
245 10 - TITLE STATEMENT
Title Atjeh mendakwa.
Remainder of title Pidato pembelaan jang diutjapkan didepan Pengadilan Negeri Sigli, 12 September 1963.
260 ## - PUBLICATION, DISTRIBUTION, ETC.
Place of publication, distribution, etc. [Banda Atjeh,
Date of publication, distribution, etc. cover 1965]
300 ## - PHYSICAL DESCRIPTION
Extent 127 p.
Other physical details illus., ports.
Dimensions 21 cm.
610 10 - SUBJECT ADDED ENTRY--CORPORATE NAME
Corporate name or jurisdiction name as entry element Indonesia.
Subordinate unit Pengadilan Negeri.

No items available.

Powered by Koha